Escuelas radiofónicas : modernización, innovatividad y grado de desarrollo regional.

שמור ב:
מידע ביבליוגרפי
מחבר ראשי: Musto, Esteban (autor)
פורמט: ספר
שפה:ספרדית
סדרה:(Documento de trabajo ; no. 11)
נושאים:
תגים: הוספת תג
אין תגיות, היה/י הראשונ/ה לתייג את הרשומה!

MARC

LEADER 00000cam^a2200000uu^4500
001 000470383
005 20250521000000.0
008 050901s1970^^^^^^^^^^^^rd^r^^000^0^spa^d
009 20260310124558.95
035 |a FCE 000013171 
035 |a FCE 000949 
037 |a Acervo ITESO - Biblioteca 
041 |a spa 
082 0 4 |a 371.372  |b M488e 
100 |a Musto, Esteban  |e (autor) 
245 1 0 |a Escuelas radiofónicas :  |b modernización, innovatividad y grado de desarrollo regional. 
264 |a Bogotá :  |b ACPO, Departamento de sociología,  |c 1970. 
300 |a 32 p. 
336 |a texto  |b txt  |2 rdacontenido 
337 |a sin mediación  |b n  |2 rdamedio 
338 |a volumen  |b nc  |2 rdasoporte 
440 0 |a (Documento de trabajo ;  |v no. 11) 
649 |a XX 
650 |a Desarrollo Comunitario 
650 |a Escuela radiofónica 
650 |a Modernización de la educación 
650 |a Radio educativa 
650 |a Desarrollo regional 
910 |a Fondo Centro de Estudios Educativos 
920 |a Impresos - Libros 
930 |a Fondos Especiales 
905 |a 133 
901 |a ALE000949  |b IT2  |c CEE  |u 20250521 
902 |a https://opac.biblio.iteso.mx/vufind/Record/000470383